|
|
|
แสดงรายละเอียดบรรณานุกรม |
|
|
Brief Record
: Get Marc (ISO 2709)
: E-mail record
: |
| LEADER : 00000nam 2200000uu 4500 | |||
| 001 13399124996 | |||
| 003 ULIB | |||
| 008 160527s2558||||th 000 0 tha d | |||
| 020 ^a9786163824110 | |||
| 060 04 ^aWO700^bU66 | |||
| 245 00 ^aWound care^n2015 /^cบรรณาธิการ, พรพรหม เมืองแมน, อภิชัย อังสพัทธ์ และ อภิรักษ์ ช่วงสุวนิช | |||
| 250 ^aพิมพ์ครั้งที่ 1 | |||
| 260 ^aกรุงเทพฯ :^bกรุงเทพเวชสาร,^c2558 | |||
| 300 ^a190 หน้า :^bภาพประกอบ ;^c22 ซม. | |||
| 650 4 ^aการรักษาบาดแผล | |||
| 650 4 ^aบาดแผลและบาดเจ็บ | |||
| 650 4 ^aบาดแผลและบาดเจ็บ^xการพยาบาล | |||
| 650 4 ^aบาดแผลและบาดเจ็บ^xการรักษา | |||
| 700 0 ^aพรพรหม เมืองแมน,^eบรรณาธิการ | |||
| 700 0 ^aอภิชัย อังสพัทธ์,^eบรรณาธิการ | |||
| 700 0 ^aอภิรักษ์ ช่วงสุวนิช,^eบรรณาธิการ | |||
| 710 2 ^aชมรมสมานแผลแห่งประเทศไทย | |||
| 945 ^p350^l0^i23724 | |||
| 945 ^p350^l0^i23725 | |||
| 945 ^p350^l0^i23726 | |||
| 999 ^aทศพร เกษรทอง | |||
| คุณยังไม่ได้ล็อกอิน คุณสามารถมีกิจกรรมร่วมกับเว็บไซต์ได้ แต่ต้องล็อกอินก่อน :: |
|
รายการสื่อสารสนเทศ |
| สถานะ | |||||
| 1. | วิทยาศาสตร์การแพทย์ และสุขภาพ สถานะ=หนังสือเก่า | WO700 U66 ฉ.1 Barcode: 23724 | ►ส่วนจัดเก็บหนังสือเก่า นว. | บนชั้น ขอยืม | |
| 2. | วิทยาศาสตร์การแพทย์ และสุขภาพ สถานะ=หนังสือเก่า | WO700 U66 ฉ.2 Barcode: 23725 | ►ส่วนจัดเก็บหนังสือเก่า นว. | บนชั้น ขอยืม | |
| 3. | วิทยาศาสตร์การแพทย์ และสุขภาพ สถานะ=หนังสือเก่า | WO700 U66 ฉ.3 Barcode: 23726 | ►ส่วนจัดเก็บหนังสือเก่า นว. | บนชั้น ขอยืม | |
BibComment |
| คอมเมนท์ทรัพยากรรายการนี้ |
|
| |
Copyright 2026. Bcnsprnw @Library |
|